<?xml version="1.0" encoding="UTF-8"?>
<marc:record xmlns:marc="http://www.loc.gov/MARC21/slim">
   <marc:leader>00000nam a2200000 a 4500</marc:leader>
   <marc:datafield ind1="1" ind2=" " tag="100">
      <marc:subfield code="a">Dumon Tak, Bibi</marc:subfield>
      <marc:subfield code="4">aut</marc:subfield>
      <marc:subfield code="e">Verfasser/-in</marc:subfield>
   </marc:datafield>
   <marc:datafield ind1=" " ind2=" " tag="653">
      <marc:subfield code="a">Vorlesen</marc:subfield>
   </marc:datafield>
   <marc:datafield ind1="0" ind2="0" tag="245">
      <marc:subfield code="a">Regenwurm und Anakonda</marc:subfield>
   </marc:datafield>
   <marc:datafield ind1="0" ind2="0" tag="245">
      <marc:subfield code="b">was Tiere über sich erzählen</marc:subfield>
   </marc:datafield>
   <marc:datafield ind1=" " ind2="1" tag="264">
      <marc:subfield code="b">Gerstenberg</marc:subfield>
      <marc:subfield code="c">2025</marc:subfield>
   </marc:datafield>
   <marc:datafield ind1="1" ind2=" " tag="520">
      <marc:subfield code="a">Die Tiere beschließen: Es wird Zeit, dass sie mal selbst über sich erzählen. Der Mensch sieht schließlich alles nur durch seine eigene Brille. Jedes Tier sucht sich ein anderes Tier aus, über das es erzählt: der Regenwurm die Anakonda, der Putzerfisch den Hai...
Dabei erfahren nicht nur die anderen Tiere, sondern auch wir Menschen jede Menge Erstaunliches, Lustiges und Lehrreiches darüber, was es für Tiere auf der Welt gibt, wo und wie sie leben und vieles mehr. Hättest Du gewusst, dass es nur sieben ausschließlich schwarz-weiße Tierarten gibt? Und dass der Blaue Drache kein Fabeltier, sondern eine Nacktschnecke ist? Es lohnt sich, den Tieren zuzuhören!
(Quelle: Verlagstext)</marc:subfield>
   </marc:datafield>
   <marc:datafield ind1=" " ind2=" " tag="020">
      <marc:subfield code="a">9783836962919</marc:subfield>
      <marc:subfield code="9">9783836962919</marc:subfield>
   </marc:datafield>
</marc:record>
